书目信息 |
| 题名: |
因明学研究
|
|
| 作者: | 沈剑英 | |
| 分册: | ||
| 出版信息: | 上海 东方出版社 1985 |
|
| 页数: | 312页 | |
| 开本: | 20cm | |
| 丛书名: | ||
| 单 册: | ||
| 中图分类: | B81-093.51 | |
| 科图分类: | ||
| 主题词: | DISPLAY逻辑 | |
| 电子资源: | ||
| ISBN: | 7-5000-0465-6 | |
| 000 | 00507nam0 2200181 450 | |
| 001 | 0728815141 | |
| 005 | 20070819080015.14 | |
| 010 | @a7-5000-0465-6@d¥15.00 | |
| 100 | @a20070819d km y0chiy0120 ea | |
| 101 | 0 | @achi |
| 200 | 1 | @a因明学研究@Ayin ming xue yan jiu@f沈剑英@Fshen jian ying |
| 210 | @a上海@c东方出版社@d1985 | |
| 215 | @a312页@d20cm | |
| 606 | 0 | @aDISPLAY逻辑 |
| 690 | @aB81-093.51@v3 | |
| 701 | 0 | @a沈剑英@Ashen jian ying |
| 801 | 0 | @aCN@bPFT@c20070819 |
| 905 | @a213230@dB81-093.51@eZW132@f1 | |
| 因明学研究/沈剑英.-上海:东方出版社,1985 |
| 312页;20cm |
| ISBN 7-5000-0465-6:¥15.00 |
| ● |
| 相关链接 |
|
|
|
|
正题名:因明学研究
索取号:B81-093.51/ZW132
 
预约/预借
| 序号 | 登录号 | 条形码 | 馆藏地/架位号 | 状态 | 备注 |
| 1 | 7600719 | 276007198 | 密集书库-文学院/ [索取号:B81-093.51/ZW132] | 在馆 |